000 00644nam a2200205 a 4500
001 000034601
005 20200930073806.0
008 111010s2008 sp 000 0 spa d
020 _a9788497648134
040 _aDO-SdBNP
_bspa
_cBNPHU
082 _axxxx
_bT128c
100 1 _aTagore, Rabindranath T.,
_d1861-
_960040
240 1 0 _aThe post office
_lEspañol
245 1 3 _aEl cartero del rey. /
_cRabindranath T. Tagore.
260 _aMadrid :
_bEDIMAT Libros,
_c2008.
300 _a89 p. ;
_c19 cm..
490 1 _aClásicos de la literatura.
_aTeatro
500 _aTraducido del inglés
830 0 _aClásicos de la literatura.
_pTeatro
_960039
999 _c34092
_d34092